| 000 | 01440nam a22002897a 4500 | ||
|---|---|---|---|
| 001 | 1641 | ||
| 003 | FISKH | ||
| 005 | 20230912132338.0 | ||
| 008 | 230912b cb ||||| |||| 00| 0 khr d | ||
| 020 | _a9789924341536 | ||
| 040 |
_aFISKH _beng _cFISKH _dFISKH |
||
| 082 | _a277.3 | ||
| 100 | _aIchikawa, Satomi | ||
| 245 |
_aតើមានខ្លាឃ្មុំនៅអាព្រិចទេ ? / _cនិពន្ធនិងគូររូបដោយ សាតូមិ អ៊ិជិកាវ៉ា - បកប្រែពីភាសាបារាំងដោយ អ៊ុំ វ័ណថាវី |
||
| 260 |
_aParis : _bSipar, _c2022. |
||
| 300 |
_a35 pages : _bcolor illustrations ; _c20 cm |
||
| 490 | _aតស់អាន! | ||
| 505 | _aJ | ||
| 520 | _aក្មេងស្រីទេសចរណ៍ម្នាក់មកលេងអាព្រិច ហើយភ្លេចសត្វមួយ។ នៅលើវាលស្មោង សត្វតូចនោះចម្លែកណាស់។ | ||
| 520 | _aA tourist girl visits Africa and forgets about an animal. On the grass, the little beast is very strange. | ||
| 521 | 8 |
_a500
_bLexile estimate |
|
| 521 | 8 |
_aJ
_bRaz-Plus |
|
| 650 |
_aទេសចរណ៍ _vបាត់បង់ _xអាព្រិច |
||
| 650 |
_aTourist _vLosing _xAfrica |
||
| 700 |
_aIchikawa, Satomi _eillustrator |
||
| 942 |
_2ddc _cKHB _n0 |
||
| 999 |
_c1641 _d1641 |
||